000 00292nam a22001337a 4500
003 SGT
020 _a9788123911922
082 _a729
_bSEE
100 _aSEETHARAMAN PRASAD
245 _aINTERIOR DESIGN AND DECORATION
260 _aINDIA
_bCBS PUB.
_c2025
300 _a336
942 _2ddc
_cBK
999 _c32140
_d32140